LEADER 01258nam a2200265 i 4500 001 000000252946 003 CaOOAMICUS 005 20170215000000.0 008 170215s2001 it u000 u ita u 013 $a231851 020 $a88-87940-26-6 040 $aSeMil$bita 100 1 $aLongo, Luigi Emilio.$0(OLS)http://semarc/name/13347 245 13$aLa campagna italo-greca :$b1940-1941 /$cLuigi Emilio Longo. 260 $aRoma :$bUfficio storico SME,$c2001. 300 $a265 p. :$bin gran parte ill. ;$c30 cm. 500 $aIn testa al front. : Stato Maggiore dell'Esercito, Ufficio storico. 650 4$aEsercito italiano - Guerra mondiale 1939-1945 - Grecia - Documenti fotografici.$0(OLS)http://semarc/subject/46775 773 0 $aLongo, Luigi Emilio$tImmagini della seconda guerra mondiale.$dRoma : Ufficio storico SME, 2007.$w()29249 850 $aSeMil 852 $aSeMil$W1$xVenegono$y1$m3W VIII 7$j222149$B203292$CSeMilBibl$Z2$F216968 $81 961 $aOmaggio: Grampa dott. Cesare 996 $6020$a88-87940-26-6$9(OLS)http://semarc/number/275453 996 $6245$aLa campagna italo-greca :$b1940-1941$9(OLS)http://semarc/title/410271 996 $6260$aRoma :$bUfficio storico SME$9(OLS)http://semarc/publisher/35604 LEADER 00923nam a2200241 i 4500 001 000000120136 003 CaOOAMICUS 005 20031112000000.0 008 031112s1983 it u000 u ita u 013 $a92830 040 $aSeMil$bita 100 1 $aVarano, Camilla Battista : da,$c.$0(OLS)http://semarc/name/18185 245 10$aAutobiografia /$cCamilla Battista da Varano. 260 $aMilano :$bÀncora,$ccopyr. 1983. 300 $a118 p., [4] p. di tav. ;$c19 cm. 500 $aFondo Card. C.M. Martini. 600 04$aVarano, Camilla Battista : da 1458-1524>.$0(OLS)http://semarc/subject/9802 850 $aSeMil 852 $aSeMil$W1$xVenegono$y1$m3H I 6$j75341$B75341$CSeMilBibl$Z2$F100838 $81 941 1 $a4 961 $aOmaggio: Martini Card. Carlo Maria 996 $6245$aAutobiografia$9(OLS)http://semarc/title/50331 996 $6260$aMilano :$bÀncora$9(OLS)http://semarc/publisher/29763